| 000 | 00830nas a2200265 4500 | ||
|---|---|---|---|
| 001 | BR7200595 | ||
| 003 | BR-BrBNA | ||
| 005 | 20231205082355.0 | ||
| 007 | ta | ||
| 008 | 230509b bl.|||p| |||| 00| 00por d | ||
| 040 |
_aBR-BrBNA _bpor _cBiblioteca Nacional de Agricultura |
||
| 041 | _a(Pt) | ||
| 072 | _aF21 | ||
| 100 | 1 | _aPedrosa, F. de O. | |
| 100 | 1 | _aFranco, A.A. | |
| 100 | 1 | _aDobereiner, J. | |
| 245 | 1 | _aSelecao em meio de cultura com asparagina, de estirpes de Rhizobium japonicum de eficiencia nodular excepcional | |
| 650 | _aBIOLOGIA DO SOLO | ||
| 650 | _aRHIZOBIUM | ||
| 650 | _aNODULO | ||
| 650 | _aESTIRPE | ||
| 773 | 0 |
_tPesquisa Agropecuaria Brasileira. Serie Agronomia (Brazil) _xISSN 0304-436X _g(1972), v. 7 p. 153-163 _wBR7200595 |
|
| 909 |
_a202311 _bLúcia _c55 _dLúcia Elande |
||
| 942 |
_2AGRIS _n0 _cANA |
||
| 999 |
_c91277 _d91277 |
||